Spolupráca medzi Európskou úniou a Nórskom bakalárska práca
Gespeichert in:
| 1. Verfasser: | |
|---|---|
| Körperschaft: | |
| Weitere Verfasser: | |
| Format: | Buch |
| Sprache: | Slowakisch |
| Veröffentlicht: |
Bratislava
2014
|
| Tags: |
Keine Tags, Fügen Sie das erste Tag hinzu!
|
MARC
| LEADER | 00000nbm a2200000 4500 | ||
|---|---|---|---|
| 001 | 0187721 | ||
| 005 | 20170201090816.3 | ||
| 041 | 0 | |a slo | |
| 044 | |a SK | ||
| 245 | 1 | 0 | |a Spolupráca medzi Európskou úniou a Nórskom |b bakalárska práca |c Aneta Lauková ; školiteľ: Lucia Hurná |
| 264 | 1 | |a Bratislava |c 2014 | |
| 300 | |a 59 s. | ||
| 100 | 1 | |a Lauková, Aneta | |
| 700 | 1 | |a Hurná, Lucia, 1978- | |
| 710 | 2 | |a Fakulta medzinárodných vzťahov EU. Katedra medzinárodného práva | |